000 00992cas a22002777a 4500
005 20220329142317.0
008 000607u1905 mx mr pernn 0 b1spa d
010 _a81440
011 _a82412
035 _a92907
245 0 0 _aBoletín de la Secretaría de Comunicaciones y Obras Públicas
_c/por Secretaría de Comunicaciones y Obras Públicas
260 0 _aMéxico, D. F. :
_bSecretaría de Comunicaciones y Obras Públicas,
_c1905-
300 _av.
310 _aMensual
362 1 _av.6 n.1-12, 1926
500 _aSe dejó de recibir a partir del v. 8 n. 12 de 1928.
590 _aBATCH-UPD
_b10
_c20130110
_lUCH01
_h0736
590 _aBATCH-UPD
_b10
_c20130410
_lUCH01
_h0418
590 _aBATCH-UPD
_b10
_c20130914
_lUCH01
_h1847
590 _aCONVERSION
_b10
_c20130109
_lUCH01
_h1345
650 1 4 _aObras públicas
_xPublicaciones periódicas.
_982567
866 _av.1 n.1 (1905)
866 _av.2 n.7-v.8 n.12 (1922-1928)
901 _aSE
905 _aLilia Sánchez G.
999 _c81440
_d81440